000 01134nam a22002657a 4500
003 OSt
005 20250827103725.0
008 240308b ||||| |||| 00| 0 eng d
040 _c0
082 _aDPer 621.317 Ie21 July 2022 v. 37 n. 7
100 _aWang, Xuehua.
_eauthor.
_954074
245 _aImpact of controller saturation on instability behavior of grid-connected inverters /
_cXuehua Wang, Yuying He, Kuang Qin, Hao Zhang, Donghua Pan, Xinbo Ruan, Qingfeng Zhou, and Chuan Yao.
260 _aNew York ;
_bThe Institute of Electrical and Electronics Engineers, Inc. ,
_cJuly 2022.
300 _avolume 37, pages 7739-7750 :
_billustration ;
_c28 cm.
500 _aIEEE Transactions on Power Electronics, vol. 37, no. 7, Pages 7739-7750, July 2022.
700 _aWang, Xuehua.
_eauthor.
_954074
700 _aHe, Yuying.
_eauthor.
_954075
700 _aQin, Kuang.
_eauthor.
_954076
700 _aZhang, Hao.
_eauthor.
_954077
700 _aPan, Donghua.
_eauthor.
_954078
700 _aRuan, Xinbo.
_eauthor.
_954079
700 _aZhou, Qingfeng.
_eauthor.
_954080
700 _aYao, Chuan.
_eauthor.
_954081
942 _2ddc
_cPER
999 _c19543
_d19543